Nadopuni Stih - Lijepa naša domovino - Statistics

General Stats
  • This quiz has been taken 771 times
    770 since last reset
  • The average score is 7 of 8
Answer Stats
Hint Answer % Correct
Lijepa naša domovino,Oj _______ zemljo mila, Junačka
98%
Stare slave djedovino,da bi _____ sretna bila! Vazda
98%
Teci Dravo, Savo teci,Nit’ ti ____ silu gubi, Dunav
96%
Sinje more svijetu reci,Da svoj _____ Hrvat ljubi. Narod
96%
Mila, kuda si nam _____,Mila, kuda si planina! Ravna
95%
Mila, kano si nam ______,Mila si nam ti jedina. Slavna
91%
Dok mu mrtve _____ krije,Dok mu živo srce bije! Grobak
87%
Dok mu ____ sunce grije,Dok mu hrašće bura vije, Njive
76%
No matching quizzes found
Score Distribution
Percent of People with Each Score
Percentile by Number Answered
Your Score History
You have not taken this quiz since the last reset